Statistieken voor Landen van Europa op een Lege Kaart

Klik hier om de quiz te nemen!

Algemene statistieken

  • Deze quiz is 590 keer genomen
  • De gemiddelde score is 42 of 45

Antwoorden op de kaart

Antwoorden kleurgecodeerd door een groen-rode schaal op de quizkaart volgens % correct hieronder.
Laden...
 

Antwoordstatistieken

Country% Correct
Frankrijk
99%
Oostenrijk
99%
België
99%
Portugal
99%
Nederland
99%
Spanje
99%
Italië
99%
Duitsland
99%
Noorwegen
98%
Polen
98%
Zweden
98%
Luxemburg
98%
Finland
98%
Zwitserland
98%
Estland
97%
Letland
97%
Wit-Rusland
96%
Rusland
95%
Litouwen
95%
Kroatië
95%
Griekenland
95%
Denemarken
94%
Bulgarije
94%
Verenigd Koninkrijk
94%
Hongarije
94%
Ierland
93%
Tsjechië
93%
Slowakije
93%
Oekraïne
92%
Andorra
92%
Slovenië
92%
Albanië
91%
Bosnië en
Herzegovina
91%
Ijsland
90%
Roemenië
90%
Noord-Macedonië
89%
Servië
89%
Monaco
89%
Liechtenstein
88%
Vaticaanstad
88%
Montenegro
87%
Malta
86%
Kosovo
86%
San Marino
85%
Moldavië
84%

Scoreverdeling

Percentiel versus Aantal Correcte Antwoorden

Procent van Mensen met Elke Score

Uw Scoregeschiedenis

U heeft deze quiz nog niet genomen